Hindi Speaking Countries - Statistics

General Stats
  • This quiz has been taken 262 times
    246 since last reset
  • The average score is 11 of 18
Answer Stats
Region Country % Correct
Asia India
100%
Asia Pakistan
92%
Asia Nepal
90%
North America United States
79%
North America Canada
75%
Oceania Fiji
74%
Europe United Kingdom
68%
Oceania Australia
67%
Africa South Africa
65%
Oceania New Zealand
63%
South America Guyana
59%
South America Suriname
55%
Asia United Arab Emirates
52%
Caribbean Trinidad and Tobago
50%
Asia Saudi Arabia
48%
Africa Mauritius
46%
Africa Uganda
33%
Asia Yemen
24%
No matching quizzes found
Score Distribution
Percent of People with Each Score
Percentile by Number Answered
Your Score History
You have not taken this quiz since the last reset